Most Populated City in Each County in Hawaii - Statistics

General Stats
  • This quiz has been taken 36 times
  • The average score is 3 of 5
Answer Stats
County City Pop. City % Correct
Honolulu 345,510 Honolulu
96%
Hawaii 45,248 Hilo
93%
Maui 29,993 Kahului
48%
Kauai 9,961 Kapa'a
30%
Kalawao 90 Kalaupapa
22%
No matching quizzes found
Score Distribution
Percent of People with Each Score
Percentile by Number Answered
Your Score History
You have not taken this quiz